000
00311nam a22001457a 4500
008
210531b ||||| |||| 00| 0 eng d
020
_a
978039393431
041
_a
eng
080
_2
3rd
_a
541
082
_a
541
100
_a
12
101
_a
KIM
245
_a
Chemistry
_c
Thomas R. Gilbert
942
_2
udc
_c
BK
999
_c
57861
_d
57861